000 00967cam a22001934a 4500
005 20250605164359.0
008 250528s ||||||||||||||||||||||||d
035 _a24513
040 _aGR-AtMCL
_bgre
_dGR-AtMCL
_eAACR2
245 1 _aMMS+: Συνδυάζοντας την Εγκυρότητα του Newsletter με την Αμεσότητα του SMS
260 _c2014
300 _a34
520 _aΟ Μεγαλύτερος Κίνδυνος είναι η Άγνοια, Σημάδια Σταθεροποίησης τυης Διαφημιστικής Αγοράς το 2013, Νέα Δεδόμενα για το Λιανεμπόριο από τις Mobile Εφαρμογές της Warply, Αποτελεσματικότερη Διαφήμιση και η Διαφήμιση των Καταναλωτών.
700 1 _aΚορδελάς Δημήτρης
_99464
942 _cCR
710 2 _aThe Marketing Week
_99825
999 _c9390
_d9390